History Quiz

Random History or Famous Quiz
Score 0/16 Timer 07:00
1 Play Today
Hint Answer % Correct
BoxerMuhammad Ali
95.8%
AstronautNeil Armstrong
85.4%
Ancient PhilosopherAristotle
78.1%
US Founding FatherSamuel Adams
77%
King of the HunsAttila the Hun
76.9%
Macedonian LeaderAlexander the Great
76.6%
Palestinian LeaderYasser Arafat
75.1%
British NovelistJane Austen
62.2%
Hint Answer % Correct
US Cabinet SecretaryMadeleine Albright
59.5%
US PresidentChester A. Arthur
58.5%
Antarctic ExplorerRoald Amundsen
42.1%
Soviet PremierYuri Andropov
40.9%
West German ChancellorKonrad Adenauer
39.2%
US/UK Military OfficerBenedict Arnold
36.1%
Roman GeneralMark Antony
32.5%
New Zealand PMJacinda Ardern
29.3%
Remove Ads.
Support Sporcle.
Get the best of Sporcle when you Go Orange. This ad-free experience offers more features, more stats, and more fun while also helping to support Sporcle. Thank you for becoming a member.

You're not logged in!

Compare scores with friends on all Sporcle quizzes.
OR
Log In

Sporcle TV

Today on Sporcle TV


Watch our educational content, quiz creation guides, and fun videos on Sporcle TV.

Show Comments

Extras

Top Quizzes Today


Score Distribution

Paid Content

Your Account Isn't Verified!

In order to create a playlist on Sporcle, you need to verify the email address you used during registration. Go to your Sporcle Settings to finish the process.

Report this User

Report this user for behavior that violates our Community Guidelines.

Details: